000 00690nam a2200217 u 4500
005 20250626063856.0
008 100809s2006 r 000 0 eng d
020 _a9502411005
035 _aUPN01000177234
049 _aCG
050 4 _aHQ35
_bG6.7
100 1 _aGoldstein, Beatriz
245 1 0 _aSexualidad :
_bpadres e hijos : preguntas probables, respuestas posibles /
_cBeatriz Goldstein, Claudio Glejzer.
260 _aBuenos Aires :
_bAlbatros,
_c2006.
300 _a128 p. :
_bil.
440 0 _aCrecer hoy
650 4 _aEducación sexual para adolescentes
_94850
650 4 _aEducación sexual para la juventud
_91513
700 1 _aGlejzer, Claudio,
_ecoaut.
905 _aLibro
999 _c149337
_d149337